Previously developed land (Record no. 102443)

MARC details
000 -LEADER
fixed length control field 01647cam a2200385 4500
008 - FIXED-LENGTH DATA ELEMENTS--GENERAL INFORMATION
fixed length control field 020930n2004 000 0 eng u
020 ## - INTERNATIONAL STANDARD BOOK NUMBER
International Standard Book Number 1405106972
035 ## - SYSTEM CONTROL NUMBER
System control number (Sirsi) u119907
041 ## - LANGUAGE CODE
Language code of text/sound track or separate title eng
050 ## - LIBRARY OF CONGRESS CALL NUMBER
Classification number 333.77
-- 22
050 ## - LIBRARY OF CONGRESS CALL NUMBER
Classification number 333.73
-- 18
100 ## - MAIN ENTRY--PERSONAL NAME
Personal name Syms, Paul
245 ## - TITLE STATEMENT
Title Previously developed land
Remainder of title industrial activities and contamination
250 ## - EDITION STATEMENT
Edition statement 2nd ed.
260 ## - PUBLICATION, DISTRIBUTION, ETC.
Place of publication, distribution, etc. Oxford
Name of publisher, distributor, etc. Blackwell
Date of publication, distribution, etc. 2004
300 ## - PHYSICAL DESCRIPTION
Extent xiii, 240p.
Dimensions 25cm.
350 ## - PRICE (NR) (BK AM CF MU VM SE) [OBSOLETE]
Price 35
520 ## - SUMMARY, ETC.
Summary, etc. Offers professionals such as valuation surveyors, developers and environmental consultants a good understanding of decontamination and all aspects of the land conversion process. Part A covers policy and legal issues, valuation, property development, recording land condition, town planning and geographical information systems. Part B looks at 39 different industrial activities, with a brief description of the processes involved and the contaminants that might be found on land previously used for these activities. Includes case studies, references and useful websites.
520 ## - SUMMARY, ETC.
Summary, etc. Supersedes first edition "Desk reference guide to potentially contaminated land" (ISBN 0902913034).
650 ## - SUBJECT ADDED ENTRY--TOPICAL TERM
Topical term or geographic name entry element BROWNFIELD LAND
650 ## - SUBJECT ADDED ENTRY--TOPICAL TERM
Topical term or geographic name entry element LAND CONDITION REPORTS
650 ## - SUBJECT ADDED ENTRY--TOPICAL TERM
Topical term or geographic name entry element CONTAMINATED LAND
650 ## - SUBJECT ADDED ENTRY--TOPICAL TERM
Topical term or geographic name entry element INDUSTRIAL LAND
650 ## - SUBJECT ADDED ENTRY--TOPICAL TERM
Topical term or geographic name entry element Valuation
9 (RLIN) 6273
650 ## - SUBJECT ADDED ENTRY--TOPICAL TERM
Topical term or geographic name entry element GIS
650 ## - SUBJECT ADDED ENTRY--TOPICAL TERM
Topical term or geographic name entry element REMEDIATION
650 ## - SUBJECT ADDED ENTRY--TOPICAL TERM
Topical term or geographic name entry element PLANNING SYSTEM
690 ## - LOCAL SUBJECT ADDED ENTRY--TOPICAL TERM (OCLC, RLIN)
Topical term or geographic name as entry element PROPERTY-PROPERTY DEVELOPMENT
700 ## - ADDED ENTRY--PERSONAL NAME
Personal name Cadoux-Hudson, James
700 ## - ADDED ENTRY--PERSONAL NAME
Personal name Kitchen, Ted
700 ## - ADDED ENTRY--PERSONAL NAME
Personal name Lowe, Judith
700 ## - ADDED ENTRY--PERSONAL NAME
Personal name Lyndsay, Donna
700 ## - ADDED ENTRY--PERSONAL NAME
Personal name Sheridan, Paul
942 ## - ADDED ENTRY ELEMENTS (KOHA)
Suppress in OPAC 0
Holdings
Withdrawn status Lost status Source of classification or shelving scheme Damaged status Not for loan Home library Current library Shelving location Date acquired Cost, normal purchase price Total Checkouts Full call number Barcode Date last seen Date last checked out Copy number Cost, replacement price Price effective from Koha item type
    Dewey Decimal Classification     London London Books 05/10/2004 32.72 16 333.73 SYM 30069518 06/08/2019 18/06/2008 1 32.72 06/08/2019 Book